00995nam a2200205Ia 4500008004100000020001500041041001200056082001600068100001800084245005200102250000800154260002900162300000800191650000800199942000700207999001500214952017200229952017200401952021600573221030s9999 xx 000 0 und d a0070445338 aEnglish a105.23bSko aM. I. Skolnik 0aIntroduction to Radar Systemscby M. I. Skolnik a3rd bUBS PubaNew Delhic2004 a772 aECE cBK c4117d4117 pBE 7510g285.00l0o105.23 Skor2024-06-13 00:00:00w2022-10-30yBK003Print4070aMIETLIBbMIETLIBcBL-Academic Block- A, FL-1, CUP-10, SH-5, R-5d2005-01-2710HBE pBE 7511g285.00l0o105.23 Skor2024-06-13 00:00:00w2022-10-30yBK003Print4070aMIETLIBbMIETLIBcBL-Academic Block- A, FL-1, CUP-10, SH-5, R-5d2005-01-2710HBE pBB 907g365.00l0eDonated by Dr. Ankita Nanda ( Asstt. Prof. MBA Deptt. )r2025-05-17 00:00:00w2022-10-30yBK003Print4070aMIETLIBbMIETLIBcBL-Academic Block B, FL-2, CUP-103, SH-3, R-3d2018-12-1410HBB